|
|
|
|
| LEADER |
00000nam0a2200000 4500 |
| 001 |
157680 |
| 005 |
20231031153951.0 |
| 010 |
|
|
|a 5210022285
|
| 020 |
|
|
|a RU
|b 93-11434
|
| 035 |
|
|
|a (RuTPU)RU\TPU\book\171036
|
| 090 |
|
|
|a 157680
|
| 100 |
|
|
|a 20090410g1992 de y0rusy5003 ca
|
| 101 |
1 |
|
|a rus
|c eng
|
| 102 |
|
|
|a RU
|
| 105 |
|
|
|a y z 000ay
|
| 200 |
1 |
|
|a Тарзан
|a Тарзан Приемыш обезьяны. Возвращение в джунгли. Тарзан и его звери
|e для среднего и старшего школьного возраста
|e пер. с англ.
|v Т. 1
|f Э. Р. Берроуз
|
| 210 |
|
|
|a СПб.
|c Искусство-СПБ
|d 1992
|
| 215 |
|
|
|d 21 см
|a 640 с.
|
| 330 |
|
|
|a Эдгар Берроуз - американский писатель, написавший около 60 романов. Его сериал о Тарзане включает 23 романа. Цикл романов о человеке, выросшем в джунглях Африки среди обезьян. Приключения главного героя романа настолько необычны и увлекательны, что читатель едва успевает следить за полетом фантазии автора. В настоящую книгу вошли первые три романа из всемирно известного цикла: "Тарзан - приемыш обезьяны", "Возвращение в джунгли" и "Тарзан и его звери".
|
| 610 |
0 |
|
|a Приключенческие романы и рассказы
|
| 610 |
0 |
|
|a детская литература
|
| 675 |
|
|
|a 82
|z rus
|
| 700 |
|
1 |
|a Берроуз
|b Э. Р.
|g Эдгар Райс
|4 070
|
| 801 |
|
0 |
|a RU
|b RuMRKP
|c 19950413
|g psbo
|
| 801 |
|
1 |
|a RU
|b 63413507
|c 20090410
|g PSBO
|
| 801 |
|
2 |
|a RU
|b 63413507
|c 20180926
|g PSBO
|
| 942 |
|
|
|c BK
|